| 000 | 00736cam a22002531 4500 | ||
|---|---|---|---|
| 001 | sa 66001947 | ||
| 003 | DLC | ||
| 005 | 20260227112226.0 | ||
| 008 | 830414s1965 ii 000 0 eng | ||
| 010 | _asa 66001947 | ||
| 025 | _aPL480:I-E-5157 | ||
| 035 | _a(OCoLC)9409591 | ||
| 040 |
_aDLC _cViU _dDLC |
||
| 042 | _apremarc | ||
| 050 | 0 | 0 |
_aKNS2832 _b.B437 1965 |
| 082 | _a340 | ||
| 100 | 1 |
_aBhattacharya, Sukumar, _d1923-2005. |
|
| 245 | 1 | 0 | _aIndian income-tax law and practice, corrected upto July 1965. |
| 250 | _a[3d ed.] | ||
| 260 |
_aCalcutta, _bNababharat Publishers _c[1965] |
||
| 300 |
_axvi, 562 p. _c25 cm. |
||
| 650 | 0 |
_aIncome tax _xLaw and legislation _zIndia. |
|
| 650 | 0 |
_aTaxation _xLaw and legislation _zIndia. |
|
| 999 |
_c68087 _d68087 |
||